Responses for Show #6264 - Thursday, December 8, 2011

Contestants

[<< previous game]

Dan Kull, a U.S. Army captain from Colorado Springs, Colorado

William CastaƱeda, a human resources professional from San Francisco, California

Tony Hightower, an event planner from Astoria, New York (whose 1-day cash winnings total $21,300)

[next game >>]

Jeopardy! Round responses

(Alex: The Heisman Trophy will be awarded this weekend, so we have a whole category devoted to that trophy. It's called...)
SCHOOLS OF THE HEISMEN
NON-ROMAN EMPERORS
EBONY & IVORY
YOU AUTO KNOW THE CAR MAKER
TOYS & GAMES
"PRE"-CISELY
    $200 11
(Tony: [Apologizing to Dan, who appeared in his [*] uniform] Sorry.)
(Alex: Dan's disappointed that you got in ahead of him on that one.)
(Tony: Sorry.)

Army

Tony
    $200 13
China

Dan
    $200 6
a piano

William
    $200 1
Toyota

William
    $200 7
a Nerf ball

William
    $200 17
prenatal care

Tony
    $400 12
Yale

William
    $400 14
Brazil

Dan
    $400 22
poison

Tony
    $400 2
Chevrolet

Tony
    $400 8
a Cabbage Patch Kid

William
    $400 18
a prequel

Tony
    $600 28
USC

William
    $600 15
Austria-Hungary

William
    $600 23
Africa

William
    $600 3
Jaguar

William
    $600 9
Lego

William
    $600 19
a prescription

Tony
    $800 29
Penn State

Tony
    $800 26
Ethiopia

Triple Stumper
    $800 24
(William: What is Madagascar?)

Sri Lanka

William
Triple Stumper
    $800 4
Mercedes-Benz

William
    $800 10
Trivial Pursuit

Dan
    $800 20
prevailing

Tony
    $1000 30
Oregon State

Tony
    $2,800 27
Pizarro

William
    $1000 25
narwhals

William
    $1000 5
Volkswagen

Tony
    $1000 16
20

Triple Stumper
    $1000 21
precocious

Triple Stumper

Scores at the first commercial break (after clue 15):

Tony William Dan
$1,600 $4,000 $1,400

Scores at the end of the Jeopardy! Round:

Tony William Dan
$5,800 $8,200 $1,400

Double Jeopardy! Round responses

FUN WITH THE PERIODIC TABLE
THE ANNIE HALL OF FAME
GREEK LETTER HOMOPHONES
QUOTES ABOUT PLACES
BEFORE & AFTER AT THE MOVIES
ONCE THERE WERE NO COMPUTERS
    $400 6
mercury

Tony
    $400 20
Diane Keaton

Tony
    $400 19
(Dan: What is an oar?)

row

Dan
Triple Stumper
    $400 14
London

William
    $400 1
(Dan: What is... uh, The Empire Strikes--)
(Alex: Oh, sorry.)

The Empire Strikes Back to the Future

TonyDan
    $400 12
a joystick

Tony
    $800 7
(Tony: What is argon?)
...
(Alex: NE for Nebraska.)

neon

TonyWilliam
    $800 23
Annie Oakley

Dan
    $800 21
(Dan: What is purr?)

mew

Dan
Triple Stumper
    $800 11
(Victor) Hugo

William
    $800 2
From Russia with Love Story

Tony
    $800 13
the telegraph

Dan
    $1200 8
(Dan: What is bohrium?)

Niels Bohr

Dan
Triple Stumper
    $1200 24
(Tony: Who is Annie Leibowitz?)
(William: [Laughing] Who is Annie Leibowitz?)
...
(Alex: You got it right, yes, that's a common mistake. A minute to go now, Dan.)

Annie Leibovitz

TonyWilliamDan
    $1200 22
new

Dan
    $1200 16
(Tony: What is Florence?)

Venice

TonyWilliam
    $1200 3
Air Force One Flew Over the Cuckoo's Nest

Tony
    $1200 15
solitaire

Tony
    $1600 9
metals

William
    $1600 29
[The end-of-round signal sounds.]

Annie Duke

Dan
    $1600 27
Beta

Tony
    $4,500 25
(Dan: What is Vienna?)
(Alex: Oh, no, that's where the action takes place, of course, but he was referring to [*].)

Switzerland

Dan
    $1600 4
Singin' in the Rain Man

Tony
    $1600 17
a printer

William
    $2000 10
(William: What is O?)

U

WilliamDan
    $2000 28
Tao

William
    $2000 26
Gertrude Stein

Tony
    $2000 5
Animal House of Wax

William
    $2,000 18
"Return To Sender"

William

Scores at the end of the Double Jeopardy! Round:

Tony William Dan
$12,600 $17,400 $1,700

[wagering suggestions for these scores]

Final Jeopardy! Round responses

DECLARATION OF INDEPENDENCE SIGNERS
(Alex: And as a matter of fact, the state was founded by a Catholic family.)
...
(Alex: No, the correct response--"What is [*]?" The Calvert family.)
DanWhat is Massachusetts?
$830
TonyWhat is Pennsylvania?
$5,000
WilliamWhat is Delaware?
$8,000
Maryland

Final scores:

Tony William Dan
$7,600 $9,400 $870
2nd place: $2,000 New champion: $9,400 3rd place: $1,000

Game dynamics:

Coryat scores:

Tony William Dan
$12,600 $15,600 $6,200
20 R,
3 W
22 R
(including 2 DDs),
3 W
9 R,
5 W
(including 1 DD)

Combined Coryat: $34,400

[game clues] [game scores] [suggest correction]

Game tape date: 2011-10-12
The J! Archive is created by fans, for fans. Scraping, republication, monetization, and malicious use prohibited; this site may use cookies and collect identifying information. See terms. The Jeopardy! game show and all elements thereof, including but not limited to copyright and trademark thereto, are the property of Jeopardy Productions, Inc. and are protected under law. This website is not affiliated with, sponsored by, or operated by Jeopardy Productions, Inc. Join the discussion at JBoard.tv.